Warszawa i okolice : (Rekord nr 35226)
| 000 -ETYKIETA REKORDU | |
|---|---|
| podpole kontrolne o stałej długości | 02093nem a2200517 i 4500 |
| 001 - NUMER KONTROLNY REKORDU | |
| pole kontrolne | 35226 |
| 003 - IDENTYFIKATOR NUMERU KONTROLNEGO REKORDU | |
| podpole kontrolne | KOSZ 005 |
| 005 - DATA OSTATNIEJ MODYFIKACJI REKORDU | |
| podpole kontrolne | 20200207132521.0 |
| 006 - DANE KONTROLNE - DODATKOWA CHARAKTERYSTYKA DOKUMENTU | |
| podpole kontrolne o stałej długości | m d |
| 007 - DANE KONTROLNE - FORMA FIZYCZNA DOKUMENTU | |
| podpole kontrolne o stałej długości | ad canzn |
| 008 - POLE O STAŁEJ DŁUGOŚCI - DANE KONTROLNE | |
| podpole kontrolne o stałej długości | 070810s2004 pl e | 1 pol |
| 015 ## - NUMER BIBLIOGRAFII NARODOWEJ | |
| Numer bibliografii narodowej | BDK 2004/634 |
| 020 ## - MIĘDZYNARODOWY ZNORMALIZOWANY NUMER KSIĄŻKI - ISBN | |
| ISBN | 8388611089 |
| 034 1# - DANE MATEMATYCZNE ZAKODOWANE | |
| Rodzaj skali | a |
| Liniowa skala pozioma | 20000 |
| 035 ## - NUMER SYSTEMOWY | |
| Numer systemowy przejętego rekordu | 991024768169705066 |
| 035 ## - NUMER SYSTEMOWY | |
| Numer systemowy przejętego rekordu | (PL-WaBN)b16756319-48omnis_nlop |
| 035 ## - NUMER SYSTEMOWY | |
| Numer systemowy przejętego rekordu | b16756319 |
| 035 ## - NUMER SYSTEMOWY | |
| Numer systemowy przejętego rekordu | (OCoLC)838912951 |
| 035 ## - NUMER SYSTEMOWY | |
| Numer systemowy przejętego rekordu | (PL)b0000001675631 |
| 035 ## - NUMER SYSTEMOWY | |
| Numer systemowy przejętego rekordu | (EXLNZ-48OMNIS_NETWORK)9910467674405606 |
| 040 ## - ŹRÓDŁO KATALOGOWANIA | |
| Instytucja, która sporządziła opis | WA N |
| Instytucja, która utworzyła rekord | WA N |
| Instytucja, która dokonała modyfikacji | KOSZ 005/HR |
| 080 ## - UNIWERSALNA KLASYFIKACJA DZIESIĘTNA - UKD | |
| UKD | 912(438) |
| 245 00 - TYTUŁ/ODPOWIEDZIALNOŚĆ | |
| Tytuł | Warszawa i okolice : |
| Ciąg dalszy tytułu | skala 1:20 000 / |
| Pozostałe elementy strefy tytułu i oznaczenia odpowiedzialności | oprac. wydawca MAPY ŚCIENNE BEATA PIĘTKA. WYDAWNICTWO KARTOGRAFICZNE. |
| 255 ## - STREFA DANYCH MATEMATYCZNYCH | |
| Oznaczenie skali | Skala 1:20 000. |
| 260 ## - STREFA ADRESU WYDAWNICZEGO | |
| Miejsce wydania | Katowice : |
| Nazwa wydawcy/dystrybutora | MAPY ŚCIENNE, Beata Piętka, |
| Data publikacji, dystrybucji/powstania dokumentu | [2004]. |
| 300 ## - STREFA OPISU FIZYCZNEGO | |
| Objętość | 1 atlas (s. mapy II-III, s. mapy 1-133, s. indeks 134-165, s. tekst 166-171 ) : |
| Inne cechy fizyczne | kolor. ; |
| Rozmiary | 22 cm, skoroszyt. |
| 380 ## - FORMA I TYP PUBLIKACJI | |
| Forma i typ publikacji | Mapy |
| 388 ## - CZAS POWSTANIA | |
| Czas powstania | 2001- |
| 500 ## - UWAGI OGÓLNE | |
| Tekst uwagi | Dokument towarzyszący: Polska [Dokument elektroniczny] : atlas drogowy turystyczno-krajoznawczy / [oprac. informatyczne Grzegorz Guździoł ; przygotow. materiałów Danuta Hazuk ; koordynator projektu Łukasz Bula]. |
| 500 ## - UWAGI OGÓLNE | |
| Tekst uwagi | Tekst: wykaz linii komunikacjnych i indeks ulic. |
| 500 ## - UWAGI OGÓLNE | |
| Tekst uwagi | Zawiera plany 154 miejscowości i 20 gmin z okolic Warszawy. |
| 540 ## - UWAGA DOTYCZĄCA PRAWA AUTORSKIEGO | |
| Warunki wykorzystania i reprodukowania | Cop. MAPY ŚCIENNE, Beata Piętka. |
| 546 ## - UWAGA O JĘZYKU | |
| Uwaga o języku | Treść mapy w jęz. pol., legenda także w jęz. ang. i niem. |
| 648 #7 - HASŁO PRZEDMIOTOWE - TERMIN CHRONOLOGICZNY | |
| Termin chronologiczny | 2001- |
| Źródło hasła lub terminu | DBN |
| 651 #7 - HASŁO PRZEDMIOTOWE W FORMIE NAZWY GEOGRAFICZNEJ | |
| Nazwa geograficzna | Warszawa |
| Źródło hasła lub terminu | DBN |
| 651 #7 - HASŁO PRZEDMIOTOWE W FORMIE NAZWY GEOGRAFICZNEJ | |
| Nazwa geograficzna | Warszawa (woj. mazowieckie ; okolice) |
| 655 #7 - TERMIN INDEKSOWY - OKREŚLENIE RODZAJU/FORMY DOKUMENTU | |
| Określenie rodzaju/formy dokumentu | Plan miasta |
| Źródło terminu | DBN |
| 658 ## - TERMIN INDEKSOWY - PRZEDMIOT PROGRAMU NAUCZANIA | |
| Główny przedmiot programu nauczania | Geografia i nauki o Ziemi |
| 700 1# - HASŁO DODATKOWE - NAZWA OSOBOWA | |
| Nazwa osobowa | Bula, Łukasz |
| Określenie związku między hasłem a opisywanym materiałem | Projekt |
| 700 1# - HASŁO DODATKOWE - NAZWA OSOBOWA | |
| Nazwa osobowa | Guździoł, Grzegorz |
| Określenie związku między hasłem a opisywanym materiałem | Opracowanie |
| 700 1# - HASŁO DODATKOWE - NAZWA OSOBOWA | |
| Nazwa osobowa | Hazuk, Danuta |
| Określenie związku między hasłem a opisywanym materiałem | Opracowanie |
| 710 2# - HASŁO DODATKOWE - NAZWA CIAŁA ZBIOROWEGO | |
| Nazwa ciała zbiorowego lub jednostki geograficznej | Wydawnictwo Piętka |
| Określenie związku między hasłem a opisywanym materiałem | Wydawca |
| 856 41 - LOKALIZACJA I DOSTĘP DO ELEKTRONICZNYCH DOKUMENTÓW ZDALNYCH | |
| Link (URL) | http://koha.tu.koszalin.pl/cgi-bin/koha/opac-detail.pl?biblionumber=35226 |
| Tekst linku | Katalog online BPK |
| 942 ## - DODATKOWE ELEMENTY (KOHA) | |
| Schemat klasyfikacji | Uniwersalna Klasyfikacja Dziesiętna |
| Typ dokumentu | Kartograficzne |
| Wycofany | Status | Uszkodzony | Dostępność | Lokalizacja stała | Lokalizacja bieżąca | Miejsce przechowywania | Cena | Sygnatura | Kod kreskowy | Dział | Typ dokumentu |
|---|---|---|---|---|---|---|---|---|---|---|---|
| Tylko na miejscu | Biblioteka Politechniki Koszalińskiej | Biblioteka Politechniki Koszalińskiej | Czytelnia BG | 33.75 | MP 1247 | 02243009 | 91 Geografia | Kartograficzne | |||
| Dostępny | Biblioteka Politechniki Koszalińskiej | Biblioteka Politechniki Koszalińskiej | Wypożyczalnia BG | 25.43 | MP 1272 | 02275222 | Kartograficzne |
